Online
Catalog

Mujer, iglesia, liberación / (Record no. 24453)

MARC details
000 -CABECERA
campo de control de longitud fija 00787cam a2200241 a 4500
001 - NÚMERO DE CONTROL
campo de control 000024960
005 - FECHA Y HORA DE LA ÚLTIMA TRANSACCIÓN
campo de control 20240509123003.0
008 - DATOS DE LONGITUD FIJA--INFORMACIÓN GENERAL
campo de control de longitud fija 901219s1990 ve a 000 | spa d
020 ## - NÚMERO INTERNACIONAL ESTÁNDAR DEL LIBRO
Número Internacional Estándar del Libro 980070213X
040 ## - FUENTE DE LA CATALOGACIÓN
Centro catalogador/agencia de origen DO-SdBNP
Lengua de catalogación spa
Centro/agencia transcriptor BNPHU
082 ## - NÚMERO DE LA CLASIFICACIÓN DECIMAL DEWEY
Número de clasificación 248.843
Número de documento/Ítem P228m
049 ## - FONDOS LOCALES (OCLC)
Fondos de biblioteca BNGR
100 1# - ENTRADA PRINCIPAL--NOMBRE DE PERSONA
Nombre de persona Parentelli , Gladys
9 (RLIN) 51222
245 10 - MENCIÓN DE TÍTULO
Título Mujer, iglesia, liberación /
Mención de responsabilidad, etc. Gladys Parentelli ; prólogo Elsa Támez.
260 ## - PUBLICACIÓN, DISTRIBUCIÓN, ETC.
Lugar de publicación, distribución, etc. Caracas, (Venezuela) :
Nombre del editor, distribuidor, etc. G. Parentelli,
Fecha de publicación, distribución, etc. 1990.
300 ## - DESCRIPCIÓN FÍSICA
Extensión 164 p. :
Otras características físicas il., ;
Dimensiones 22 cm.
490 #1 - MENCIÓN DE SERIE
Mención de serie MUJERE Y RELIGIÓN
500 ## - NOTA GENERAL
Nota general Incluye referencias bibliográficas : p. 157-164
650 #0 - PUNTO DE ACCESO ADICIONAL DE MATERIA--TÉRMINO DE MATERIA
Término de materia o nombre geográfico como elemento de entrada Mujeres
9 (RLIN) 13968
650 #4 - PUNTO DE ACCESO ADICIONAL DE MATERIA--TÉRMINO DE MATERIA
Término de materia o nombre geográfico como elemento de entrada Mujeres jovenes
9 (RLIN) 51223
650 #4 - PUNTO DE ACCESO ADICIONAL DE MATERIA--TÉRMINO DE MATERIA
Término de materia o nombre geográfico como elemento de entrada Mujeres
Subdivisión general Condiciones sociales y morales
9 (RLIN) 5379
700 1# - PUNTO DE ACCESO ADICIONAL--NOMBRE DE PERSONA
Nombre de persona Támez , Elsa
Término indicativo de función/relación pról.
9 (RLIN) 51224
Holdings
Estado de retiro Estado de pérdida Restricciones de uso No para préstamo Código de colección Localización permanente Ubicación/localización actual Ubicación en estantería Fecha de adquisición Número de inventario Total de préstamos Signatura topográfica completa Código de barras Fecha visto por última vez Precio válido a partir de Tipo de ítem Koha Número de copia
        Monografías: Libros y Folletos General General En catalogación 08.02.2011 LF1   248.843 P228m 24960-10 25.06.2020 25.06.2020 Préstamo en sala  
      Excluido de préstamo Monografías: Libros y Folletos General General En catalogación 08.02.2011 LF1   248.843 P228m 24960-20 25.06.2020 25.06.2020 No se presta e.2

Powered by Koha